[Event "Challenge"]
[Site "http://www.queenalice.com/game.php?id=1640149"]
[Date "2021.1.16"]
[Round "-"]
[White "franz_onelt501"]
[Black "peaceman"]
[Result "1-0"]
[WhiteElo "1748"]
[BlackElo "1123"]

1. d4 d5 2. c4 Nf6 3. Nc3 Bd7 4. cxd5 Bf5 5. e3 Nxd5 6. Bd3 Nc6 7. Bxf5 g6 8.
Be4 Nf6 9. Bxc6+ bxc6 10. Nf3 Bh6 11. Qa4 Qd7 12. Ne5 Qe6 13. Qxc6+ Kf8 14.
Qxa8+ Ne8 15. Qc6 Nd6 16. Qxc7 f6 17. Nf3 Nb5 18. Qb8+ Kg7 19. Qxb5 Rc8 20. d5
g5 21. dxe6 Rd8 22. O-O Rd6 23. Qd7 Kf8 24. Qxd6 g4 25. Qb8+ Kg7 26. Qxa7 Kf8
27. Nd4 Kg7 28. Qxe7+ Kg6 29. Qf7+ Kg5 30. e7 Kh4 31. e8=Q Bg5 32. g3+ Kh3 33.
Qh5+ Bh4 34. Qxh4# 1-0

[Event "Challenge"]
[Site "http://www.queenalice.com/game.php?id=1643269"]
[Date "2021.2.11"]
[Round "-"]
[White "franz_onelt501"]
[Black "tche_elvio"]
[Result "1-0"]
[WhiteElo "1763"]
[BlackElo "1419"]

1. d4 Nf6 2. Nc3 g6 3. e4 d6 4. Nf3 Bg7 5. Bc4 O-O 6. O-O a6 7. h3 h5 8. e5 dxe5
9. dxe5 Qxd1 10. Rxd1 Nh7 11. Nd5 Nc6 12. Nxc7 Rb8 13. Bf4 e6 14. a3 b5 15. Rd6
bxc4 16. Rxc6 Rxb2 17. Rxc4 Bb7 18. Bc1 Rb5 19. Nxb5 axb5 20. Rc5 Bd5 21. Rxb5
Bxf3 22. gxf3 Bxe5 23. Rxe5 Nf6 24. a4 Nd5 25. a5 Nf4 26. Bxf4 Rc8 27. a6 Rxc2
28. a7 1-0

[Event "Challenge"]
[Site "http://www.queenalice.com/game.php?id=1643635"]
[Date "2021.2.14"]
[Round "-"]
[White "franz_onelt501"]
[Black "Buhrer"]
[Result "0-1"]
[WhiteElo "1750"]
[BlackElo "1700"]

1. e4 c5 2. Nf3 b6 3. Bc4 e6 4. d4 cxd4 5. Nxd4 Nf6 6. Nc3 Bb4 7. Bd2 Bxc3 8.
Bxc3 Nxe4 9. O-O Nxc3 10. bxc3 O-O 11. Re1 Bb7 12. Re3 Qf6 13. Qh5 Rd8 14. Bd3
g6 15. Qe5 Qxe5 16. Rxe5 d6 17. Re3 Nd7 18. Nb5 Ne5 19. f4 Ng4 20. Re2 a6 21.
Na3 b5 22. h3 Nf6 23. Rae1 Nd5 24. c4 Nc3 25. Rf2 b4 26. Nb1 Nxa2 27. Be4 d5 28.
cxd5 exd5 29. Bf3 Re8 30. Rfe2 Kf8 31. Nd2 Nc3 32. Rxe8+ Rxe8 33. Rxe8+ Kxe8 34.
Nb3 Ke7 35. Kf2 Bc6 36. Ke3 Ba4 37. Kd4 Kd6 38. g4 Bxb3 39. cxb3 a5 40. h4 Nb5+
41. Kd3 Nc3 42. h5 a4 43. bxa4 Nxa4 44. Kc2 gxh5 45. g5 h4 46. Kb3 Nc5+ 47. Kxb4
Nd3+ 48. Kc3 Nxf4 49. Kd4 Ne6+ 50. Ke3 Nxg5 0-1

[Event "Challenge"]
[Site "http://www.queenalice.com/game.php?id=1643636"]
[Date "2021.2.14"]
[Round "-"]
[White "Buhrer"]
[Black "franz_onelt501"]
[Result "1-0"]
[WhiteElo "1718"]
[BlackElo "1732"]

1. e4 e5 2. Nf3 d6 3. d4 exd4 4. Nxd4 Nf6 5. Nc3 g6 6. Bc4 Bg7 7. Bg5 h6 8. Bxf6
Bxf6 9. Qf3 Nd7 10. Bb3 Ne5 11. Qg3 c6 12. O-O Bh4 13. Qe3 Ng4 14. Qd2 Bxf2+ 15.
Rxf2 Nxf2 16. Qxf2 O-O 17. Qg3 Qg5 18. Qxg5 hxg5 19. Rf1 g4 20. Nce2 g5 21. Ng3
c5 22. Ndf5 Be6 23. Nxd6 Bxb3 24. axb3 b6 25. e5 a5 26. Nge4 a4 27. Nxg5 axb3
28. cxb3 Ra2 29. Ndxf7 Rxb2 30. Nh6+ Kg7 31. Ne6+ Kxh6 32. Rxf8 Rxb3 33. Rf6+
Kh7 34. g3 c4 35. Rf7+ Kg6 36. Rg7+ Kf5 37. Nd4+ Kxe5 38. Nxb3 cxb3 39. Rb7 Kd4
40. Rxb6 Kc3 41. Kg2 b2 42. h3 gxh3+ 43. Kxh3 Kc2 44. g4 b1=Q 45. Rxb1 Kxb1 46.
g5 1-0

[Event "Challenge"]
[Site "http://www.queenalice.com/game.php?id=1644925"]
[Date "2021.2.26"]
[Round "-"]
[White "peaceman"]
[Black "franz_onelt501"]
[Result "0-1"]
[WhiteElo "1121"]
[BlackElo "1733"]

1. e4 Nc6 2. c3 e5 3. d3 Bc5 4. b4 Be7 5. Nf3 b5 6. h3 Nf6 7. g4 h6 8. Qe2 O-O
9. Be3 d5 10. Qd2 dxe4 11. Nh4 exd3 12. Bg2 Bb7 13. O-O Ne4 14. f3 Nxd2 15. Nxd2
Bxh4 16. Bc5 Be7 17. Ne4 a5 18. Rfd1 axb4 19. Rdb1 bxc3 20. Bf1 d2 21. Be2 Bxc5+
22. Nxc5 Qd4+ 23. Kg2 Qxc5 24. Bxb5 Nd4 25. a4 Bxf3+ 26. Kf2 Nxb5+ 27. Kxf3 c2
28. Rxb5 d1=Q+ 29. Rxd1 cxd1=Q+ 30. Ke4 Qdd4+ 31. Kf5 Qf4# 0-1

[Event "Challenge"]
[Site "http://www.queenalice.com/game.php?id=1644935"]
[Date "2021.2.27"]
[Round "-"]
[White "tche_elvio"]
[Black "franz_onelt501"]
[Result "0-1"]
[WhiteElo "1454"]
[BlackElo "1765"]

1. d4 a5 2. g3 g6 3. Bg2 Bg7 4. Nf3 d5 5. O-O Nf6 6. c3 O-O 7. Bf4 Bg4 8. Nbd2
b5 9. Re1 Re8 10. e4 dxe4 11. Nxe4 Nxe4 12. Rxe4 f5 13. Re3 Nd7 14. Qb3+ Kh8 15.
Qxb5 Bxf3 16. Bxf3 Ra7 17. h4 Nf6 18. Bg5 Qb8 19. Qxb8 Rxb8 20. Bf4 Rxb2 21.
Rxe7 Rc2 22. Rxc7 Rxc7 23. Bxc7 Rxc3 24. Bxa5 Rxf3 25. Rb1 Ra3 26. Rb8+ Ng8 27.
Bb4 Rxa2 28. Bc5 h5 29. Kg2 Kh7 30. Bf8 Bxd4 31. Kf1 Rxf2+ 32. Ke1 Rg2 33. Rd8
Bf6 34. Rd7+ Kh8 35. Kf1 Rxg3 0-1

[Event "Challenge"]
[Site "http://www.queenalice.com/game.php?id=1645480"]
[Date "2021.3.3"]
[Round "-"]
[White "franz_onelt501"]
[Black "tche_elvio"]
[Result "1-0"]
[WhiteElo "1715"]
[BlackElo "1454"]

1. e4 c5 2. Nc3 Nc6 3. Bb5 e6 4. Nf3 d6 5. d4 cxd4 6. Nxd4 Bd7 7. O-O Be7 8. Be3
a6 9. Bxc6 Bxc6 10. Nxc6 bxc6 11. Qd2 h6 12. Rfd1 Nf6 13. e5 Nd5 14. Nxd5 cxd5
15. exd6 Bxd6 16. c4 Qh4 17. g3 Qxc4 18. b3 Qb4 19. Qd4 Qxd4 20. Bxd4 e5 21. Re1
O-O 22. Bxe5 Bxe5 23. Rxe5 Rfd8 24. Rd1 a5 25. Rexd5 Rxd5 26. Rxd5 a4 27. b4 a3
28. f4 g6 29. Kf2 Kg7 30. Kf3 Ra4 31. Rd4 h5 32. Ke3 Kf6 33. Kd3 Kf5 34. h3 f6
35. Kc3 Ke6 36. Kb3 Ra6 37. b5 Rb6 38. Kb4 g5 39. Kc5 gxf4 40. Kxb6 fxg3 41. Rd1
Kf5 42. Ka5 Ke4 43. b6 1-0

[Event "Challenge"]
[Site "http://www.queenalice.com/game.php?id=1645781"]
[Date "2021.3.6"]
[Round "-"]
[White "franz_onelt501"]
[Black "tche_elvio"]
[Result "1-0"]
[WhiteElo "1721"]
[BlackElo "1448"]

1. h4 h5 2. Nf3 g6 3. g3 Nf6 4. b3 Bg7 5. Bb2 O-O 6. Bg2 d6 7. d4 c6 8. Nc3 d5
9. O-O b5 10. b4 Nbd7 11. Re1 a5 12. a3 Bb7 13. e4 axb4 14. axb4 Nxe4 15. Ng5
Nxc3 16. Bxc3 Re8 17. Re2 e5 18. Rxa8 Qxa8 19. Nf3 exd4 20. Rxe8+ Qxe8 21. Bxd4
Ne5 22. Bxe5 Bxe5 23. Qe1 Kf8 24. Qxe5 Qxe5 25. Nxe5 Ke7 26. f4 Kf6 27. Kf2 Ke7
28. Ke3 Ke6 29. Bh3+ Kf6 30. Bd7 Ke7 31. Bxc6 Bxc6 32. Nxc6+ Kd6 33. Nd8 f5 34.
Nb7+ Kc6 35. Nc5 Kd6 36. Kd4 Kc6 37. Ke5 1-0

[Event "Challenge"]
[Site "http://www.queenalice.com/game.php?id=1646412"]
[Date "2021.3.12"]
[Round "-"]
[White "franz_onelt501"]
[Black "Buhrer"]
[Result "1/2-1/2"]
[WhiteElo "1737"]
[BlackElo "1794"]

1. e4 c5 2. Nf3 g6 3. Nc3 Bg7 4. Bc4 Nf6 5. d3 O-O 6. O-O b6 7. Bf4 Bb7 8. Qd2
Nc6 9. Rfe1 Nh5 10. Bh6 Nd4 11. Nxd4 cxd4 12. Nb5 a6 13. Bxg7 Nxg7 14. Nxd4 b5
15. Bb3 Rb8 16. Qf4 d6 17. Qh6 Qc7 18. Nf3 Nh5 19. a4 Qb6 20. Ng5 Nf6 21. axb5
Qxb5 22. d4 Qb6 23. e5 dxe5 24. Rxe5 Qxd4 25. Rxe7 Qxf2+ 26. Kxf2 Ng4+ 27. Kg1
Nxh6 28. Rf1 Bc6 29. Rc7 Be8 30. Rf6 a5 31. Ra7 a4 32. Bxa4 Bxa4 33. Rxa4 Rxb2
34. c4 Rb1+ 35. Rf1 Rxf1+ 36. Kxf1 Rc8 37. Ne4 Nf5 38. c5 h6 39. Kf2 Ne7 40. g4
Nd5 41. Ra5 f5 42. Nd6 Rc7 43. gxf5 gxf5 44. Nxf5 Rf7 45. c6 Rxf5+ 46. Kg3 Kf8
47. c7 Rg5+ 48. Kf3 Nxc7 49. Rxg5 hxg5 50. Kg4 Ne6 51. h4 gxh4 52. Kxh4 Kf7 53.
Kg3 Nf4 54. Kxf4 1/2-1/2

[Event "Challenge"]
[Site "http://www.queenalice.com/game.php?id=1646413"]
[Date "2021.3.12"]
[Round "-"]
[White "franz_onelt501"]
[Black "tche_elvio"]
[Result "1-0"]
[WhiteElo "1726"]
[BlackElo "1431"]

1. e4 c5 2. Nf3 Nc6 3. Bc4 e6 4. O-O Nge7 5. Nc3 d6 6. d4 h6 7. dxc5 Ng6 8. cxd6
Bxd6 9. Nb5 O-O 10. Qxd6 Qxd6 11. Nxd6 Nge5 12. Nxe5 Nxe5 13. Bb3 a6 14. a4 b6
15. Be3 Bd7 16. f4 Nc6 17. Bxb6 Ne7 18. Bc5 g6 19. h4 h5 20. a5 f5 21. e5 Bb5
22. c4 Bc6 23. Ba4 Bxa4 24. Rxa4 Nc6 25. Rb1 Kh7 26. b4 Rab8 27. b5 axb5 28.
cxb5 Kh6 29. Nxf5+ gxf5 30. Bxf8+ Rxf8 31. bxc6 Rc8 32. a6 Rxc6 33. a7 1-0

[Event "Challenge"]
[Site "http://www.queenalice.com/game.php?id=1646418"]
[Date "2021.3.12"]
[Round "-"]
[White "Buhrer"]
[Black "franz_onelt501"]
[Result "1/2-1/2"]
[WhiteElo "1789"]
[BlackElo "1735"]

1. e4 e5 2. Nf3 d6 3. d4 exd4 4. Nxd4 g6 5. Bd3 Bg7 6. f4 Bxd4 7. Bb5+ c6 8.
Qxd4 Qf6 9. Qxf6 Nxf6 10. Bd3 O-O 11. h3 Re8 12. Nc3 Nbd7 13. O-O Nc5 14. Rd1 a6
15. b3 Nxd3 16. cxd3 b5 17. Bb2 Nh5 18. Rf1 Ng3 19. Rf3 Nh5 20. Ne2 Bb7 21. g4
Ng7 22. f5 d5 23. Ng3 dxe4 24. dxe4 c5 25. Re3 Rad8 26. Rc1 Rd2 27. Bf6 Rc8 28.
Rec3 Rxa2 29. Rxc5 Rxc5 30. Rxc5 h5 31. fxg6 Ne6 32. Rxh5 fxg6 33. Rh8+ Kf7 34.
g5 Bc6 35. Rh7+ Kg8 36. Rh8+ Kf7 37. Rh7+ Kg8 38. Rh8+ Kf7 39. Rh7+ Kg8 40. Rh8+
Kf7 41. Rh7+ Kg8 42. Rh8+ Kf7 43. Rh7+ Kg8 44. Rh8+ Kf7 45. Rh7+ Kg8 46. Rh8+
Kf7 47. Rh7+ Kg8 1/2-1/2

[Event "Challenge"]
[Site "http://www.queenalice.com/game.php?id=1646867"]
[Date "2021.3.17"]
[Round "-"]
[White "tche_elvio"]
[Black "franz_onelt501"]
[Result "0-1"]
[WhiteElo "1416"]
[BlackElo "1730"]

1. d4 f5 2. c4 g6 3. e3 Bg7 4. Nc3 Nf6 5. g3 O-O 6. Bg2 Re8 7. Nge2 d6 8. O-O e5
9. dxe5 dxe5 10. a3 Nc6 11. b4 Qd7 12. Nd5 Nxd5 13. Bxd5+ Kf8 14. Bb2 Ne7 15.
Nd4 exd4 16. Bxd4 Bxd4 17. Qxd4 Nxd5 18. Qh8+ Kf7 19. Qxh7+ Kf6 20. Qxd7 Bxd7
21. cxd5 c6 22. dxc6 Bxc6 23. f4 Rxe3 24. Rfe1 Rae8 25. Kf2 Rxe1 26. Rxe1 Rxe1
27. Kxe1 b5 28. Kd2 Ke6 29. Ke3 Kd5 30. Kd3 a6 31. h3 Bd7 32. h4 Bc6 33. h5 gxh5
0-1

[Event "Challenge"]
[Site "http://www.queenalice.com/game.php?id=1647477"]
[Date "2021.3.23"]
[Round "-"]
[White "franz_onelt501"]
[Black "tche_elvio"]
[Result "1-0"]
[WhiteElo "1739"]
[BlackElo "1458"]

1. h4 e6 2. e4 d6 3. d4 h6 4. Nf3 Ne7 5. b3 Ng6 6. h5 Ne7 7. Bb2 Nec6 8. Bb5 Be7
9. O-O a6 10. Bd3 e5 11. d5 Nd4 12. Nxd4 exd4 13. Bxd4 b5 14. Bxg7 Rg8 15. Bxh6
Bd7 16. Re1 c6 17. Nd2 c5 18. c4 bxc4 19. Nxc4 Bh3 20. g3 Nd7 21. e5 Nxe5 22.
Bf4 Nxd3 23. Qxd3 f6 24. Bxd6 Kf7 25. Rxe7+ Qxe7 26. Bxe7 Kxe7 27. Re1+ Kf7 28.
d6 Bg4 29. Qd5+ Be6 30. Qxe6+ Kg7 31. Qe7+ 1-0

[Event "Challenge"]
[Site "http://www.queenalice.com/game.php?id=1648375"]
[Date "2021.4.1"]
[Round "-"]
[White "franz_onelt501"]
[Black "tche_elvio"]
[Result "1-0"]
[WhiteElo "1769"]
[BlackElo "1396"]

1. d4 Nf6 2. Nc3 d6 3. e4 e6 4. Bg5 Be7 5. Nf3 h6 6. Bxf6 Bxf6 7. e5 Be7 8. Bb5+
c6 9. Be2 O-O 10. O-O d5 11. a3 a6 12. b4 b5 13. h3 Nd7 14. Nb1 Nb6 15. Nbd2 Bb7
16. Nb3 Na4 17. Na5 Nc3 18. Nxb7 Nxd1 19. Nxd8 Rfxd8 20. Rfxd1 a5 21. bxa5 Rxa5
22. h4 f6 23. g3 Rxa3 24. Rxa3 Bxa3 25. Nd2 fxe5 26. Nb3 exd4 27. Nxd4 e5 28.
Nxc6 Rc8 29. Bxb5 d4 30. Re1 Bb2 31. Ne7+ 1-0

[Event "Challenge"]
[Site "http://www.queenalice.com/game.php?id=1649058"]
[Date "2021.4.7"]
[Round "-"]
[White "franz_onelt501"]
[Black "tche_elvio"]
[Result "1-0"]
[WhiteElo "1771"]
[BlackElo "1428"]

1. e4 g6 2. d4 d6 3. Nf3 Bg7 4. Bc4 e6 5. Nc3 Ne7 6. O-O O-O 7. Be3 a6 8. a4 c6
9. b4 Nd7 10. h3 b5 11. axb5 cxb5 12. Bd3 Bb7 13. Bf4 e5 14. Be3 exd4 15. Bxd4
Bxd4 16. Nxd4 Ne5 17. Be2 d5 18. exd5 Nxd5 19. Nxd5 Qxd5 20. Nf3 Qxd1 21. Rfxd1
Nxf3+ 22. Bxf3 Bxf3 23. gxf3 h5 24. Rdc1 Kg7 25. c4 bxc4 26. Rxc4 Rfc8 27. Rxc8
Rxc8 28. Rxa6 Rb8 29. Ra4 f5 30. Kf1 Kf6 31. Ke2 Ke5 32. Kd3 f4 33. Kc4 g5 34.
Ra5+ Kf6 35. Rc5 h4 36. b5 Kg6 37. Kb4 Rb6 38. Rc6+ 1-0

[Event "Challenge"]
[Site "http://www.queenalice.com/game.php?id=1649480"]
[Date "2021.4.13"]
[Round "-"]
[White "tche_elvio"]
[Black "franz_onelt501"]
[Result "0-1"]
[WhiteElo "1426"]
[BlackElo "1773"]

1. d4 d5 2. c4 e6 3. c5 Nf6 4. Nc3 Nc6 5. g3 b6 6. Bg2 bxc5 7. Nf3 cxd4 8. Nxd4
Nxd4 9. Qxd4 c5 10. Qa4+ Bd7 11. Qc2 c4 12. O-O g6 13. a3 Bg7 14. e4 Nxe4 15.
Nxe4 dxe4 16. Qxe4 Rc8 17. h4 f5 18. Qb7 Rc7 19. Qa8 Qxa8 20. Bxa8 O-O 21. Kg2
Rxa8 22. Rb1 Bb5 23. b4 c3 24. Be3 Bxf1+ 25. Kxf1 a6 26. Rc1 c2 27. Ke2 Bb2 0-1

[Event "Challenge"]
[Site "http://www.queenalice.com/game.php?id=1649481"]
[Date "2021.4.13"]
[Round "-"]
[White "franz_onelt501"]
[Black "tche_elvio"]
[Result "1-0"]
[WhiteElo "1775"]
[BlackElo "1424"]

1. d4 g6 2. e4 Bg7 3. Nf3 d6 4. Bc4 e6 5. O-O Ne7 6. Bg5 O-O 7. Nc3 a6 8. a4 Bd7
9. e5 d5 10. Bb3 Nbc6 11. h3 Na5 12. Ba2 c6 13. b4 Nc4 14. Nd2 Nb2 15. Qc1 Nc4
16. Nxc4 dxc4 17. Bxc4 b5 18. axb5 cxb5 19. Bb3 Re8 20. Ne4 h5 21. Bf6 Bxf6 22.
Nxf6+ Kg7 23. Nxe8+ Qxe8 24. c4 Nc6 25. Qc3 a5 26. bxa5 b4 27. Qd2 Nxa5 28. Qxb4
Nxb3 29. Qxb3 Rxa1 30. Rxa1 Qe7 31. Ra7 Qe8 32. Qb7 Kf8 33. Qxd7 Qxd7 34. Rxd7
Ke8 35. Rd6 Ke7 36. c5 1-0

[Event "Challenge"]
[Site "http://www.queenalice.com/game.php?id=1650049"]
[Date "2021.4.18"]
[Round "-"]
[White "tche_elvio"]
[Black "franz_onelt501"]
[Result "0-1"]
[WhiteElo "1483"]
[BlackElo "1771"]

1. d4 g6 2. c4 Bg7 3. Nf3 Nf6 4. Nc3 d5 5. e3 Nc6 6. c5 Bf5 7. Be2 O-O 8. O-O
Re8 9. h3 h6 10. a3 Ne4 11. Nxe4 Bxe4 12. Bd3 b6 13. b4 e5 14. Nxe5 Nxe5 15.
Bxe4 dxe4 16. Qc2 Nd3 17. Bb2 bxc5 18. bxc5 Rb8 19. Bc3 c6 20. Rab1 Qf6 21. Rxb8
Rxb8 22. Qa4 Ra8 23. Qb3 Qd8 24. Bb4 Rb8 25. Qa4 Qd7 26. Qc2 Qd5 27. Kh1 f5 28.
Kh2 Nxb4 29. axb4 Rxb4 30. Rb1 a5 31. Rxb4 axb4 32. Qa4 b3 33. Qa8+ Kh7 34. Qb7
h5 35. g4 fxg4 36. hxg4 hxg4 37. Kg3 Qe6 38. Kf4 Qf5+ 39. Kg3 Qf3+ 0-1

[Event "Challenge"]
[Site "http://www.queenalice.com/game.php?id=1650050"]
[Date "2021.4.18"]
[Round "-"]
[White "franz_onelt501"]
[Black "tche_elvio"]
[Result "1-0"]
[WhiteElo "1766"]
[BlackElo "1488"]

1. h4 h6 2. b3 Nf6 3. Bb2 d6 4. Nc3 c6 5. e4 Nfd7 6. Nf3 e6 7. d4 Be7 8. g3 O-O
9. Bg2 b6 10. O-O Bb7 11. e5 dxe5 12. Nxe5 Nxe5 13. dxe5 Nd7 14. Re1 a5 15. Ne4
c5 16. Nd6 Bxg2 17. Kxg2 Nxe5 18. Bxe5 Bf6 19. Bxf6 Qxf6 20. Qf3 Qxf3+ 21. Kxf3
f5 22. Rxe6 Rab8 23. a4 Rf6 24. Rae1 Rxe6 25. Rxe6 Kh7 26. Nxf5 b5 27. axb5 Rxb5
28. Re7 Kg6 29. g4 Kf6 30. Rxg7 Rb4 31. Rc7 a4 32. bxa4 Rxa4 33. Rxc5 Ra3+ 34.
c3 Kg6 35. Ke4 h5 36. g5 1-0